Wielki Quiz o Rzeczypospolitej Polsce - Statystyki

Ogólne statystyki
  • Ten quiz został rozwiązany 63 razy
    52 od ostatniego zresetowania
  • Średni wynik to 15 z 35
Statystyki odpowiedzi
Pytanie Odpowiedź % Poprawnych
W którym roku Polska wstąpiła do Unii Europejskiej? 2004
100%
Z iloma państwami Polska graniczy lądowo? 7
97%
Jaka jest najdłuższa rzeka przepływająca w całości przez terytorium Polski? Wisła
97%
Zgodnie z Konstytucją Rzeczypospolitej Polskiej, kto jest najwyższym przedstawicielem Państwa i gwarantem ciągłości władzy? Prezydent
92%
Jaki jest najwyższy szczyt w Polsce należący do Tatr i całych Karpat? Rysy
89%
Jaka jest oficjalna waluta Rzeczypospolitej Polskiej? Złoty
86%
Kto był pierwszym koronowanym królem Polski? Bolesław Chrobry
83%
W którym mieście narodził się ruch społeczny „Solidarność”? Gdańsk
81%
Z jakim morzem graniczy Polska na północy? Morze Bałtyckie
69%
W jakim mieście, od 1611 roku (po przeniesieniu z Krakowa), znajduje się siedziba Prezydenta RP i rządu? Warszawa
67%
Jak nazywają się dwie izby polskiego parlamentu? Sejm i Senat
64%
Jakie kolory, w układzie poziomym, ma flaga państwowa Rzeczypospolitej Polskiej? Biało-Czerwony
56%
W którym roku uchwalono Konstytucję 3 Maja, pierwszą w Europie, a drugą na świecie? 1791
50%
Która polska pisarka otrzymała Nagrodę Nobla w dziedzinie literatury w 2019 roku? Olga Tokarczuk
47%
Ile województw liczy podział administracyjny Polski od 1999 roku? 16
42%
W którym wieku doszło do słynnej bitwy pod Grunwaldem, w której połączone siły polsko-litewskie pokonały Zakon Krzyżacki? XV
42%
Kto był polskim astronomem, autorem dzieła „De revolutionibus orbium coelestium”, które przedstawiło heliocentryczną wizję Wszechświata? Mikołaj Kopernik
33%
Które z polskich miast jest głównym ośrodkiem akademickim i kulturalnym, tradycyjnie uważanym za duchową stolicę Polski? Kraków
28%
Która rzeka, będąca najdłuższą w Polsce, przepływa zarówno przez Kraków, jak i przez Warszawę? Wisła
28%
W którym roku symbolicznie zakończył się okres komunizmu i rozpoczęła się transformacja ustrojowa w Polsce, dzięki tzw. „Okrągłemu Stołowi”? 1989
25%
Które z poniższych miast jest głównym portem morskim i stolicą województwa pomorskiego? Gdańsk
19%
W jakim regionie Polski leżą Wielkie Jeziora Mazurskie, słynące z żeglarstwa i licznych akwenów? Mazury
19%
Jaki kraj ma najdłuższą granicę lądową z Polską? Czechy
17%
Kto jest autorem słów do hymnu państwowego Polski, „Mazurka Dąbrowskiego”? Józef Wybicki
17%
W którym mieście znajduje się słynny Kościół Mariacki, będący jednym z symboli polskiej architektury gotyckiej? Kraków
17%
Jak nazywa się historyczna unia, która w 1569 roku zacieśniła związki Królestwa Polskiego i Wielkiego Księstwa Litewskiego, tworząc Rzeczpospolitą Obojga Narodów? Unia Lubelska
17%
W którym roku doszło do Trzeciego Rozbioru Polski, który zakończył istnienie Rzeczypospolitej Obojga Narodów na ponad 120 lat? 1795
14%
Które miasto jest uważane za pierwszą historyczną stolicę Polski, a także jest miejscem koronacji pierwszych królów? Gniezno
11%
Które z poniższych miast było siedzibą Sejmu Walnego i stolicą Rzeczypospolitej Obojga Narodów w latach 1596–1795, zastępując Kraków? Warszawa
11%
W którym mieście, historycznie związanym z przemysłem włókienniczym, znajduje się słynna ulica Piotrkowska? Łódź
8%
Kto był twórcą polskiej szkoły filmowej, reżyserem słynnych filmów „Popiół i diament” oraz 'Ziemia Obiecana'? Andrzej Wajda
6%
Które pasmo górskie, oprócz Tatr, jest drugim co do wysokości w Polsce i leży w Beskidach Zachodnich? Beskid Żywiecki
6%
W jakim regionie geograficznym Polski leży Puszcza Białowieska, słynąca z ochrony populacji żubra? Podlasie
6%
Jaka forma ustrojowa (system rządów) obowiązuje obecnie w Polsce? Republika Parlamentarna
6%
Jaki jest najwyższy szczyt Gór Świętokrzyskich, uważany za najstarsze pasmo górskie w Polsce? Łysica
3%
Nie znaleziono quizów pasujących do podanych kryteriów
Rozkład punktacji
Procent ludzi z każdym wynikiem
Percentyl według liczby udzielonych odpowiedzi
Twoja historia wyników
Nie rozwiązałeś tego quizu od ostatniego zresetowania